000
00279nam a22001217a 4500
008
171003b xxu||||| |||| 00| 0 eng d
041
_a
eng
080
_a
159.9
100
_a
48
101
_a
psi
245
_a
THEORIES OF PSYCHOTHERAPY COUNSELING
_c
SHRF.R
942
_2
udc
_c
BK
999
_c
31305
_d
31305